LIBRARY & INFORMATION CENTRE, KCAET, TAVANUR

ONLINE PUBLIC ACCESS CATALOGUE (OPAC)

228 selected english short stories (Record no. 11668)

MARC details
000 -LEADER
fixed length control field 00324cam a2200133ua 4500
041 ## - LANGUAGE CODE
Language code of text/sound track or separate title eng
082 ## - DEWEY DECIMAL CLASSIFICATION NUMBER
Classification number 823.301
Item number OXF/SE
100 ## - MAIN ENTRY--AUTHOR NAME
Personal name Oxford university , .
245 ## - TITLE STATEMENT
Title 228 selected english short stories
260 ## - PUBLICATION, DISTRIBUTION, ETC. (IMPRINT)
Place of publication :
Name of publisher Oxford university press ,
Year of publication 1963.
300 ## - PHYSICAL DESCRIPTION
Number of Pages 470 ; .

No items available.

free website counter